[Event "Lichtenberger Sommer 2024"]
[Site "Berlin"]
[Date "2024.08.15"]
[Round "6.50"]
[White "Gehrke, Karsten"]
[Black "Albrecht, Constantin"]
[Result "1-0"]
[WhiteElo "1890"]
[BlackElo "1667"]
[PlyCount "59"]
[EventDate "2024.08.10"]
[WhiteTeam "SV Mattnetz Berlin e.V."]
[BlackTeam "SV Empor Berlin e.V."]

1. c4 f5 2. Nc3 b6 3. d4 Nf6 4. Nf3 e6 5. g3 Bb7 6. Bg2 Be7 7. O-O O-O 8. d5
exd5 9. Nxd5 c5 10. Ne5 Kh8 11. Nxe7 Bxg2 12. N5g6+ hxg6 13. Nxg6+ Kg8 14. Kxg2
Rf7 15. Bg5 Nc6 16. Nf4 Qe8 17. Bxf6 Rxf6 18. Nd5 Rh6 19. Nc7 Qh5 20. Qd5+ Kh8
21. h4 Rc8 22. Nb5 Re8 23. e3 Re4 24. f4 Rxe3 25. Rae1 Rxg3+ 26. Kxg3 Rg6+ 27.
Kf2 Qxh4+ 28. Ke2 Re6+ 29. Kd1 Nb4 30. Qh1 1-0

[Event "Lichtenberger Sommer 2024"]
[Site "Berlin"]
[Date "2024.08.15"]
[Round "6.51"]
[White "Geyler, Stefan"]
[Black "Bradschetl, Tom"]
[Result "1-0"]
[WhiteElo "1886"]
[BlackElo "1662"]
[PlyCount "71"]
[EventDate "2024.08.10"]
[WhiteTeam "BSG 1827 Eckbauer e.V."]
[BlackTeam "SG NARVA Berlin e.V."]

1. e4 d5 2. exd5 Qxd5 3. Nc3 Qa5 4. d4 c6 5. Bd2 Bf5 6. g4 Bg6 7. f4 e6 8. Qe2
Be7 9. O-O-O Nd7 10. Bg2 Qc7 11. Nf3 Ngf6 12. f5 exf5 13. Rhe1 Nb6 14. Ne5 Nbd5
15. Nxd5 Nxd5 16. Bxd5 cxd5 17. Nxg6 hxg6 18. Bb4 Qf4+ 19. Kb1 O-O 20. Qxe7
Rfe8 21. Qxe8+ Rxe8 22. Rxe8+ Kh7 23. gxf5 gxf5 24. Ree1 g5 25. c4 Qf3 26. cxd5
Qxd5 27. Bc3 g4 28. Rf1 Kg6 29. Rd2 Qe4+ 30. Ka1 f4 31. d5 g3 32. hxg3 fxg3 33.
Rg1 Qf3 34. d6 f5 35. d7 Qe3 36. Rgd1 1-0

[Event "Lichtenberger Sommer 2024"]
[Site "Berlin"]
[Date "2024.08.15"]
[Round "6.52"]
[White "Ali, Maha"]
[Black "Lorenz, Veronika"]
[Result "1/2-1/2"]
[WhiteElo "1527"]
[BlackElo "1884"]
[PlyCount "88"]
[EventDate "2024.08.10"]
[WhiteTeam "SC Kreuzberg e.V."]
[BlackTeam "TSG Oberschöneweide e.V."]

1. e4 e5 2. Nc3 Nf6 3. g3 g6 4. Bg2 Bg7 5. Nge2 O-O 6. O-O d6 7. h3 Nc6 8. d3
Be6 9. f4 exf4 10. Nxf4 Qd7 11. d4 Bc4 12. Rf2 Rfe8 13. b3 Ba6 14. Bb2 Nd8 15.
d5 b6 16. g4 Qe7 17. Qd2 Nd7 18. Na4 Bxb2 19. Nxb2 Ne5 20. Nbd3 Nb7 21. b4 Bc4
22. a4 a5 23. b5 Nc5 24. Nxc5 bxc5 25. Nd3 Bxd3 26. cxd3 Qf8 27. d4 cxd4 28.
Qxd4 Qg7 29. Qc3 Nd3 30. Rc2 Qxc3 31. Rxc3 Nc5 32. Rc4 Re5 33. Rac1 Kf8 34. Kf2
Nd3+ 35. Ke3 Nxc1 36. Rxc1 Rc8 37. Rc6 Rce8 38. Kd4 Ra8 39. Rxc7 g5 40. Rc6 Ke7
41. Rc7+ Ke8 42. Rc6 Kd7 43. b6 Rb8 44. Kc4 Ree8 1/2-1/2

[Event "Lichtenberger Sommer 2024"]
[Site "Berlin"]
[Date "2024.08.15"]
[Round "6.53"]
[White "Liu, Jonas"]
[Black "Eroglu, Ilgin Deniz"]
[Result "1-0"]
[WhiteElo "1870"]
[BlackElo "1472"]
[PlyCount "105"]
[EventDate "2024.08.10"]
[WhiteTeam "SV Königsjäger Süd-West e.V."]
[BlackTeam "Sampiyon Mersin"]

1. d4 d5 2. Nf3 Nf6 3. g3 e6 4. Bg2 Nbd7 5. O-O Be7 6. c4 c6 7. Qc2 h6 8. Nbd2
O-O 9. e4 Nb6 10. e5 Ne4 11. c5 Nxd2 12. Bxd2 Nd7 13. b4 b6 14. a4 bxc5 15.
bxc5 a5 16. Rfb1 Qc7 17. h4 Ba6 18. Qc3 Bb7 19. Rb2 Rfb8 20. Rab1 Bd8 21. g4
Nf8 22. h5 Ba6 23. g5 hxg5 24. Nxg5 Rxb2 25. Rxb2 Rb8 26. Nh3 Rxb2 27. Qxb2 Nh7
28. Kh2 Nf6 29. Bf3 Nd7 30. Kg2 Bc4 31. Bd1 Qb8 32. Qc2 Qb7 33. Ng5 Nf8 34. Nf3
Nd7 35. h6 g6 36. Ng5 Nf8 37. f4 Nh7 38. Nf3 Qb8 39. Bc3 Qb7 40. Nd2 Qa6 41.
Nxc4 dxc4 42. Qb1 Qa7 43. Be2 Nf8 44. Bxc4 Kh7 45. Kg3 Kxh6 46. Qh1+ Kg7 47.
Qxc6 Qb8 48. Bb5 Qc7 49. Qd6 Nh7 50. d5 g5 51. Qxc7 Bxc7 52. d6 Bd8 53. c6 1-0

[Event "Lichtenberger Sommer 2024"]
[Site "Berlin"]
[Date "2024.08.15"]
[Round "6.54"]
[White "Kretzschmar, Jan"]
[Black "Runge, David Pascal"]
[Result "1/2-1/2"]
[WhiteElo "1869"]
[BlackElo "1448"]
[PlyCount "64"]
[EventDate "2024.08.10"]
[WhiteTeam "SC Kreuzberg e.V."]
[BlackTeam "SG Lasker Steglitz"]

1. d4 d5 2. Bf4 Nf6 3. e3 e6 4. Bd3 c5 5. c3 Bd6 6. Bg3 Qc7 7. Nd2 O-O 8. Bxd6
Qxd6 9. f4 b6 10. Qe2 Bb7 11. Ngf3 Nbd7 12. Ne5 Ne4 13. O-O f6 14. Nef3 Nxd2
15. Nxd2 e5 16. Ba6 Bc6 17. Bb5 exd4 18. Bxc6 Qxc6 19. exd4 Rfe8 20. Qd3 Re7
21. Rfe1 Rae8 22. Kf2 Qd6 23. g3 Nb8 24. Rac1 Nc6 25. Nf3 c4 26. Qc2 b5 27. Nh4
Rxe1 28. Rxe1 Rxe1 29. Kxe1 Qe6+ 30. Kd2 Ne7 31. Qb1 Qh3 32. Nf3 Qe6 1/2-1/2

[Event "Lichtenberger Sommer 2024"]
[Site "Berlin"]
[Date "2024.08.15"]
[Round "6.55"]
[White "Scholz, Alexander"]
[Black "Pöltelt, Helmut"]
[Result "1-0"]
[WhiteElo "1977"]
[BlackElo "1764"]
[PlyCount "87"]
[EventDate "2024.08.10"]
[WhiteTeam "Sfr.Heidesheim"]
[BlackTeam "SC Eintracht Berlin e.V."]

1. e4 e5 2. Nf3 Nc6 3. d4 exd4 4. Bc4 Bb4+ 5. c3 dxc3 6. bxc3 Be7 7. Qd5 Nh6 8.
Bxh6 O-O 9. Be3 d6 10. O-O Be6 11. Qd3 Bg4 12. Nbd2 Bf6 13. Bb5 Ne5 14. Nxe5
Bxe5 15. f4 Bf6 16. Kh1 c6 17. Bc4 b5 18. Bb3 b4 19. Bd4 bxc3 20. Qxc3 Bxd4 21.
Qxd4 Qb6 22. Qxb6 axb6 23. Rfc1 c5 24. Bd5 Rab8 25. Nc4 Rfd8 26. a4 Rf8 27.
Rcb1 Be6 28. Nxb6 Bxd5 29. exd5 Rb7 30. a5 f5 31. Kg1 Kf7 32. Kf2 h6 33. a6 Ra7
34. Nc4 Kf6 35. Rb7 Rfa8 36. Rb6 Rd7 37. Re1 Re7 38. Rxd6+ Kf7 39. Ne5+ Ke8 40.
Rb1 Rea7 41. Rbb6 Re7 42. Nc6 c4 43. Nxe7 c3 44. Rdc6 1-0

[Event "Lichtenberger Sommer 2024"]
[Site "Berlin"]
[Date "2024.08.15"]
[Round "6.56"]
[White "Teusch, Lucas"]
[Black "Simcaks, Sergejs"]
[Result "1-0"]
[WhiteElo "1776"]
[BlackElo "1955"]
[PlyCount "83"]
[EventDate "2024.08.10"]
[WhiteTeam "Leegebrucher SF"]
[BlackTeam "SSC Graal-Müritz"]

1. d4 d5 2. Nf3 Nf6 3. c3 c5 4. dxc5 Nc6 5. e3 a6 6. b4 e5 7. a4 Qc7 8. Bb2 Bg4
9. Be2 e4 10. Nd4 Ne5 11. f3 Bd7 12. Na3 g5 13. c4 Bg7 14. cxd5 Nxd5 15. Qb3
Nf6 16. Nc4 Nxc4 17. Bxc4 O-O 18. O-O Rae8 19. f4 g4 20. g3 Rd8 21. Rad1 Rc8
22. Ba3 Rcd8 23. b5 Bc8 24. b6 Qd7 25. Ne6 Qxe6 26. Bxe6 Bxe6 27. Qc2 Rc8 28.
Qd2 Rfe8 29. Qd6 Bb3 30. Rd2 Bxa4 31. f5 Nd7 32. Qxd7 Bxd7 33. Rxd7 Bf8 34. Rc1
Re5 35. Rc7 Rxc7 36. bxc7 Re8 37. Rb1 Rc8 38. Rxb7 f6 39. Bb4 Kf7 40. Ba5 Bxc5
41. Rb8 Bxe3+ 42. Kf1 1-0

[Event "Lichtenberger Sommer 2024"]
[Site "Berlin"]
[Date "2024.08.15"]
[Round "6.57"]
[White "Langer, Niklas"]
[Black "Sakalli, Selcuk Orkun"]
[Result "0-1"]
[WhiteElo "1753"]
[BlackElo "1897"]
[PlyCount "67"]
[EventDate "2024.08.10"]
[WhiteTeam "SC Eintracht Berlin e.V."]
[BlackTeam "SC Zugzwang 95 e.V."]

1. d4 Nf6 2. Nc3 d5 3. Bf4 g6 4. e3 Bg7 5. h4 h5 6. Nf3 Ng4 7. Qd2 c6 8. Nh2 e5
9. Bg3 exd4 10. exd4 Bh6 11. Qe2+ Kf8 12. Nxg4 Bxg4 13. f3 Bf5 14. Qe5 Kg8 15.
Bd3 Bxd3 16. cxd3 Kh7 17. Kd1 Bg7 18. Qf4 Rf8 19. Bf2 Bh6 20. Qh2 Na6 21. a3
Nc7 22. g4 Ne6 23. Ne2 a5 24. gxh5 gxh5 25. f4 Qf6 26. Be3 Rg8 27. Qf2 Rg4 28.
f5 Ng7 29. Bxh6 Kxh6 30. Kc2 Qxf5 31. Qe3+ Kh7 32. Raf1 Qg6 33. Rfg1 Re8 34.
Qd2 0-1

[Event "Lichtenberger Sommer 2024"]
[Site "Berlin"]
[Date "2024.08.15"]
[Round "6.58"]
[White "Lieder, Guenter"]
[Black "Fiedler, Ronald"]
[Result "1/2-1/2"]
[WhiteElo "1878"]
[BlackElo "1736"]
[PlyCount "56"]
[EventDate "2024.08.10"]
[WhiteTeam "SG WiHeil"]
[BlackTeam "SVG Läufer Reinickendorf e.V."]

1. e4 c5 2. Nc3 e6 3. g3 d5 4. exd5 exd5 5. Bg2 Nf6 6. d3 Bd6 7. Bg5 d4 8. Ne4
Qa5+ 9. Bd2 Qd8 10. Nf3 Nxe4 11. dxe4 Nc6 12. O-O O-O 13. Ne1 c4 14. f4 Qb6 15.
Rb1 Nb4 16. Bxb4 Bxb4 17. Kh1 Bc5 18. f5 Qf6 19. Qh5 Be7 20. Nf3 g6 21. fxg6
fxg6 22. Qh6 Be6 23. e5 Qf5 24. Nxd4 Qxe5 25. Nxe6 Qxe6 26. Bxb7 Rad8 27. c3
Rxf1+ 28. Rxf1 Qe2 1/2-1/2

[Event "Lichtenberger Sommer 2024"]
[Site "Berlin"]
[Date "2024.08.15"]
[Round "6.59"]
[White "Fiß, Wolfgang"]
[Black "Reißmann, Edmund"]
[Result "1/2-1/2"]
[WhiteElo "1876"]
[BlackElo "1720"]
[PlyCount "42"]
[EventDate "2024.08.10"]
[WhiteTeam "SC Oranienburg e.V."]
[BlackTeam "SV Erzgebirge Stollberg"]

1. d4 d5 2. Bf4 Nf6 3. e3 Bg4 4. f3 Bf5 5. Bd3 Bg6 6. Ne2 e6 7. O-O Bd6 8. c4
O-O 9. c5 Be7 10. Nbc3 c6 11. Qc2 Bxd3 12. Qxd3 Nbd7 13. Rae1 b6 14. b4 a5 15.
b5 Nh5 16. bxc6 Nxf4 17. Nxf4 Nb8 18. cxb6 Qxb6 19. c7 Qxc7 20. Nb5 Qd7 21. a4
Nc6 1/2-1/2

[Event "Lichtenberger Sommer 2024"]
[Site "Berlin"]
[Date "2024.08.15"]
[Round "6.60"]
[White "Koerber, Bernhard"]
[Black "Manthe, Joern Horst"]
[Result "1-0"]
[WhiteElo "1662"]
[BlackElo "1437"]
[PlyCount "115"]
[EventDate "2024.08.10"]
[WhiteTeam "SG Lasker Steglitz"]
[BlackTeam "vereinslos"]

1. e4 e5 2. Nf3 d6 3. d4 Nf6 4. Nc3 Nbd7 5. Bd3 h6 6. O-O g5 7. Re1 Bg7 8. d5
g4 9. Nd2 h5 10. g3 Nh7 11. Nf1 Ndf8 12. Be3 b6 13. Qd2 f6 14. Bh6 Qe7 15. a4
a6 16. b4 Bd7 17. Rec1 Ng6 18. Be3 h4 19. Nd1 h3 20. Qe2 Nhf8 21. Bxa6 Rb8 22.
c4 Kf7 23. a5 c6 24. Bxb6 Bc8 25. Bxc8 Rxc8 26. Be3 c5 27. b5 Ra8 28. Qxg4 Qd7
29. Qxd7+ Nxd7 30. b6 Ra6 31. Rcb1 Rha8 32. Bd2 Kg8 33. b7 Rb8 34. Nc3 Kh7 35.
Ne2 Ne7 36. f4 Bh6 37. f5 Bxd2 38. Nxd2 Kh6 39. Kf2 Ng8 40. Ng1 Kg7 41. Nxh3
Nh6 42. Kf3 Nf7 43. Nf2 Ng5+ 44. Kg4 Kh6 45. h4 Nh7 46. Kh3 Nhf8 47. g4 Nh7 48.
Nf3 Kg7 49. g5 fxg5 50. hxg5 Nhf8 51. Kg4 Nh7 52. Kh5 Kh8 53. Ng4 Rg8 54. Nh6
Rxg5+ 55. Nxg5 Nxg5 56. Kxg5 Kh7 57. b8=Q Nxb8 58. Rxb8 1-0

[Event "Lichtenberger Sommer 2024"]
[Site "Berlin"]
[Date "2024.08.15"]
[Round "6.61"]
[White "Thümler, Floris"]
[Black "Zesewitz, Marco"]
[Result "1/2-1/2"]
[WhiteElo "1874"]
[BlackElo "1689"]
[PlyCount "88"]
[EventDate "2024.08.10"]
[WhiteTeam "SV Königsjäger Süd-West e.V."]
[BlackTeam "SV SF Friedrichshagen"]

1. e4 Nf6 2. e5 Nd5 3. d4 d6 4. c4 Nb6 5. f4 dxe5 6. fxe5 Nc6 7. Be3 g6 8. Nf3
Bg4 9. Be2 Bg7 10. O-O Bxf3 11. Rxf3 O-O 12. Nc3 e6 13. Qd2 Bxe5 14. dxe5 Nxe5
15. Rf4 Qe7 16. Bxb6 axb6 17. Qe3 Nc6 18. Ne4 f5 19. Nc3 Nb4 20. Bd1 e5 21. a3
Qd6 22. Rf1 c5 23. Nb5 Qe7 24. Re1 e4 25. Bb3 Nc6 26. Rad1 Rad8 27. Rd5 Ne5 28.
h3 Rfe8 29. Red1 Nf7 30. Qf4 e3 31. Rxd8 Rxd8 32. Rxd8+ Nxd8 33. Kf1 e2+ 34.
Ke1 Nc6 35. Qf2 Na5 36. Ba2 Qg5 37. Qxe2 Qc1+ 38. Kf2 f4 39. Nd6 Nc6 40. g4
fxg3+ 41. Kxg3 Qg5+ 42. Qg4 Qe3+ 43. Qf3 Qg5+ 44. Qg4 Qe3+ 1/2-1/2

[Event "Lichtenberger Sommer 2024"]
[Site "Berlin"]
[Date "2024.08.15"]
[Round "6.62"]
[White "Ruddat, Mathias"]
[Black "Pröschild, Matthias"]
[Result "0-1"]
[WhiteElo "1744"]
[BlackElo "1867"]
[PlyCount "84"]
[EventDate "2024.08.10"]
[WhiteTeam "TSG Oberschöneweide e.V."]
[BlackTeam "BSV 63 Chemie Weißensee"]

1. e4 g6 2. Nf3 Bg7 3. d4 d6 4. Bc4 Nf6 5. Nc3 O-O 6. h3 a6 7. a4 Nxe4 8. Bxf7+
Rxf7 9. Nxe4 Nc6 10. d5 Ne5 11. Nxe5 Bxe5 12. O-O c6 13. c3 Qa5 14. dxc6 bxc6
15. Ng5 Rf8 16. Nf3 Bg7 17. Re1 Ra7 18. Nd4 Qb6 19. a5 Qc7 20. Ne6 Bxe6 21.
Rxe6 Qd7 22. Qe2 Be5 23. Qg4 Rf5 24. Qc4 Kg7 25. f4 Bf6 26. g4 Rd5 27. Qe2 Be5
28. f5 Ra8 29. Bg5 Re8 30. Rf1 Rxa5 31. f6+ exf6 32. Rxe8 Qxe8 33. Bxf6+ Kg8
34. Bxe5 Qxe5 35. Qc4+ Rd5 36. Qxc6 Qg3+ 37. Kh1 Qxh3+ 38. Kg1 Qxg4+ 39. Kf2
Qf4+ 40. Ke2 Qe4+ 41. Kf2 Rf5+ 42. Kg1 Rxf1+ 0-1

[Event "Lichtenberger Sommer 2024"]
[Site "Berlin"]
[Date "2024.08.15"]
[Round "6.63"]
[White "Schneider, Eckehard"]
[Black "Pruner, Ulf"]
[Result "0-1"]
[WhiteElo "1863"]
[BlackElo "1676"]
[PlyCount "142"]
[EventDate "2024.08.10"]
[WhiteTeam "SF Berlin 1903 e.V."]
[BlackTeam "SF Berlin 1903 e.V."]

1. d4 f5 2. Bg5 h6 3. Bh4 g5 4. e3 Nf6 5. Bg3 d6 6. Bd3 Bg7 7. c4 c6 8. Nc3 Na6
9. a3 e6 10. h4 g4 11. Nge2 Nh5 12. f3 gxf3 13. gxf3 Nxg3 14. Nxg3 Bf6 15. h5
Bh4 16. Nce2 Rg8 17. Rg1 Bxg3+ 18. Nxg3 Qh4 19. Kf2 Bd7 20. Rg2 O-O-O 21. Qh1
Qf6 22. Ne2 c5 23. Rxg8 Rxg8 24. Rg1 Rxg1 25. Qxg1 Qh4+ 26. Qg3 Qxh5 27. Qxd6
Qh4+ 28. Qg3 Qxg3+ 29. Kxg3 Kd8 30. Kf4 Ba4 31. Ke5 Bd1 32. Kxe6 cxd4 33. exd4
f4 34. Kf5 Nc7 35. Kxf4 Ne6+ 36. Kg4 Ke7 37. Kh5 Bxe2 38. Bxe2 Nf4+ 39. Kxh6
Nxe2 40. d5 Nd4 41. f4 Kf6 42. Kh5 Kf5 43. b4 Kxf4 44. c5 Ke5 45. d6 Ke6 46.
Kg4 Nc2 47. Kf4 Nxa3 48. Ke4 Nb5 49. Kd3 a6 50. Kc4 Kd7 51. Kd5 Na7 52. Kc4 Ke6
53. Kd4 Nc6+ 54. Kc4 Ne5+ 55. Kd4 Nf3+ 56. Kc4 Kd7 57. Kd5 Nd2 58. Kd4 Kc6 59.
Ke5 Kd7 60. Kd5 Nf3 61. Ke4 Ng5+ 62. Kd5 Nf7 63. Ke4 Nxd6+ 64. cxd6 Kxd6 65.
Kd4 Kc6 66. Kc4 b6 67. Kc3 Kd5 68. Kd3 b5 69. Kc3 Ke4 70. Kc2 Kd4 71. Kb3 Kd3
0-1

[Event "Lichtenberger Sommer 2024"]
[Site "Berlin"]
[Date "2024.08.15"]
[Round "6.64"]
[White "Özates, Mert"]
[Black "Aisch, Julian"]
[Result "1-0"]
[WhiteElo "1854"]
[BlackElo "1622"]
[PlyCount "65"]
[EventDate "2024.08.10"]
[WhiteTeam "SG NARVA Berlin e.V."]
[BlackTeam "SF Nordost Berlin"]

1. e4 c6 2. Nc3 d5 3. Nf3 dxe4 4. Nxe4 Nf6 5. Qe2 Nxe4 6. Qxe4 Nd7 7. Bc4 Nf6
8. Ne5 e6 9. Qe2 Bd6 10. d4 O-O 11. O-O c5 12. dxc5 Bxc5 13. Bg5 h6 14. Rad1
Qe7 15. Bh4 b6 16. Ng4 Bb7 17. Nxf6+ gxf6 18. Qh5 Kg7 19. Rd3 Bd6 20. Bg3 e5
21. Bh4 Be4 22. Rh3 Rh8 23. Qg4+ Bg6 24. Rf3 f5 25. Rxf5 Qd7 26. Rxf7+ Qxf7 27.
Bxf7 Kxf7 28. Qd7+ Kg8 29. Qxd6 Kh7 30. Qd7+ Kg8 31. Qd5+ Kh7 32. Qb7+ Kg8 33.
Qxa8+ 1-0

[Event "Lichtenberger Sommer 2024"]
[Site "Berlin"]
[Date "2024.08.15"]
[Round "6.66"]
[White "Luetzenberg, Fabian"]
[Black "Shevlyakov, Aleksandr"]
[Result "0-1"]
[WhiteElo "1680"]
[BlackElo "1824"]
[PlyCount "88"]
[EventDate "2024.08.10"]
[WhiteTeam "vereinslos"]
[BlackTeam "vereinslos"]

1. c4 Nf6 2. Nc3 g6 3. d4 d5 4. e3 Bg7 5. Nf3 O-O 6. Bd3 Bg4 7. O-O c5 8. h3
dxc4 9. Bxc4 cxd4 10. Qxd4 Bxf3 11. Qxd8 Rxd8 12. gxf3 Nc6 13. e4 Ne5 14. Be2
Nd3 15. Bxd3 Rxd3 16. Be3 Nh5 17. Rac1 f5 18. Kg2 b6 19. Rfd1 Rad8 20. Nd5 Rxd1
21. Rxd1 Kf7 22. Rc1 Rd7 23. b3 Be5 24. Rc8 f4 25. Bc1 b5 26. Ra8 e6 27. Nb4
Bd4 28. Nc6 e5 29. Ba3 Rc7 30. Rf8+ Ke6 31. Nxd4+ exd4 32. Rd8 Rd7 33. Rxd7
Kxd7 34. Bc5 d3 35. Kf1 Ng7 36. Bxa7 Ne6 37. h4 h5 38. a4 bxa4 39. bxa4 g5 40.
hxg5 Kc7 41. g6 h4 42. g7 Nxg7 43. Bd4 d2 44. Ke2 Ne6 0-1

[Event "Lichtenberger Sommer 2024"]
[Site "Berlin"]
[Date "2024.08.15"]
[Round "6.67"]
[White "Oortmann, Alexis Miles"]
[Black "Berndt, Ronson"]
[Result "1/2-1/2"]
[WhiteElo "1676"]
[BlackElo "1813"]
[PlyCount "191"]
[EventDate "2024.08.10"]
[WhiteTeam "SSV Rotation Berlin e.V."]
[BlackTeam "SC Borussia Lichtenberg"]

1. e4 c5 2. Nc3 e6 3. Nge2 a6 4. d4 cxd4 5. Nxd4 Qc7 6. Qg4 Nf6 7. Qg3 Qxg3 8.
hxg3 Bb4 9. Bd3 Nc6 10. Nxc6 bxc6 11. Bd2 d5 12. exd5 cxd5 13. a3 Be7 14. O-O-O
Bd7 15. Bf4 h6 16. f3 Bc6 17. g4 Kd7 18. Be5 Ne8 19. Rh3 Bf6 20. Bxf6 Nxf6 21.
Rdh1 Rhc8 22. Re1 Kd6 23. Rg3 Nd7 24. g5 hxg5 25. Rxg5 g6 26. f4 Nc5 27. Rg3
Nxd3+ 28. Rxd3 Bb5 29. Nxb5+ axb5 30. g4 Rc4 31. Rf3 Rac8 32. Re2 Rh8 33. b3
Rh1+ 34. Kb2 Rc8 35. f5 gxf5 36. gxf5 e5 37. f6 e4 38. Rc3 Ra8 39. b4 Rf1 40.
Rc5 Rb8 41. Rd2 Rf5 42. Kc3 Ra8 43. Rxb5 Rxa3+ 44. Kd4 Kc6 45. Rc5+ Kd6 46. c3
Ra6 47. b5 Ra4+ 48. c4 Rxc4+ 49. Rxc4 dxc4 50. Kxe4+ Ke6 51. Rc2 Rxb5 52. Rxc4
Kxf6 53. Kf4 Rf5+ 54. Kg4 Rf1 55. Rc6+ Ke5 56. Rc5+ Ke4 57. Rc4+ Ke5 58. Rc5+
Ke6 59. Ra5 f5+ 60. Kg3 Kf6 61. Kg2 Rb1 62. Kf3 Rb3+ 63. Kf4 Rb4+ 64. Kf3 Kg5
65. Ra8 Rb3+ 66. Kf2 Kg4 67. Rg8+ Kf4 68. Rf8 Rb2+ 69. Kf1 Ke4 70. Re8+ Kf3 71.
Kg1 f4 72. Rf8 Rb1+ 73. Kh2 Re1 74. Rf7 Re4 75. Kg1 Ke3 76. Kg2 Re5 77. Rf8
Rg5+ 78. Kf1 Kf3 79. Rf7 Rg4 80. Rf8 Kg3 81. Rf7 f3 82. Rf8 Rb4 83. Rg8+ Kf4
84. Rf8+ Ke3 85. Re8+ Re4 86. Rf8 Re6 87. Rf7 Re4 88. Rf8 Re5 89. Rf7 Rb5 90.
Re7+ Kf4 91. Rf7+ Rf5 92. Re7 Rg5 93. Rf7+ Kg3 94. Rf8 Rg4 95. Rf7 Ra4 96. Rg7+
1/2-1/2

[Event "Lichtenberger Sommer 2024"]
[Site "Berlin"]
[Date "2024.08.15"]
[Round "6.68"]
[White "Ollhoff, Hannes"]
[Black "Arikan, Yanki"]
[Result "1/2-1/2"]
[WhiteElo "1802"]
[BlackElo "1573"]
[PlyCount "83"]
[EventDate "2024.08.10"]
[WhiteTeam "TSG Oberschöneweide e.V."]
[BlackTeam "vereinslos"]

1. d4 Nf6 2. Nf3 e6 3. c3 d5 4. Bf4 c5 5. e3 Bd6 6. Bg3 O-O 7. Bd3 Qc7 8. Nbd2
Nbd7 9. e4 dxe4 10. Nxe4 Nxe4 11. Bxe4 e5 12. O-O exd4 13. cxd4 Bxg3 14. hxg3
Nf6 15. Re1 Re8 16. Bd3 Bg4 17. Rc1 Qb6 18. dxc5 Qxb2 19. Bc4 Rad8 20. Qa4 a6
21. Rb1 Rxe1+ 22. Rxe1 h6 23. Ne5 Bh5 24. Qb3 Qxb3 25. Bxb3 Re8 26. Kf1 Ng4 27.
Nxg4 Rxe1+ 28. Kxe1 Bxg4 29. Bd5 Bc8 30. Kd2 Kf8 31. Kc3 Ke7 32. Kb4 Kd7 33.
Bxf7 Kc6 34. Bh5 a5+ 35. Kxa5 Kxc5 36. Ka4 Be6 37. Ka3 b5 38. Kb2 b4 39. Bf3
Kd4 40. Be2 Bd5 41. Bf1 Bf7 42. Be2 1/2-1/2

[Event "Lichtenberger Sommer 2024"]
[Site "Berlin"]
[Date "2024.08.15"]
[Round "6.69"]
[White "Schulz-Vernholz, Daniel"]
[Black "Mazurtsova, Margarita"]
[Result "1/2-1/2"]
[WhiteElo "1400"]
[BlackElo "1792"]
[PlyCount "59"]
[EventDate "2024.08.10"]
[WhiteTeam "vereinslos"]
[BlackTeam "SC Kreuzberg e.V."]

1. c4 e6 2. Nc3 d5 3. cxd5 exd5 4. d4 c6 5. g3 Nf6 6. Bg2 Be7 7. Nf3 O-O 8. O-O
h6 9. a3 Bf5 10. h3 Ne4 11. Nd2 Nxd2 12. Bxd2 Nd7 13. Rc1 Nb6 14. Na4 Nc4 15.
Bc3 b6 16. Re1 Bg5 17. e3 Re8 18. Qf3 Be4 19. Qg4 Bxg2 20. Kxg2 Re4 21. Qe2 Qe8
22. Bd2 Bf6 23. Qd3 b5 24. Nc5 Re7 25. b3 Nxd2 26. Qxd2 a5 27. Rc2 Rea7 28.
Rec1 Be7 29. Qd3 Bd6 30. f3 1/2-1/2

[Event "Lichtenberger Sommer 2024"]
[Site "Berlin"]
[Date "2024.08.15"]
[Round "6.70"]
[White "Becker, Werner"]
[Black "Romanotto, Leonardo"]
[Result "1-0"]
[WhiteElo "1788"]
[BlackElo "1499"]
[PlyCount "93"]
[EventDate "2024.08.10"]
[WhiteTeam "SC Rochade e.V."]
[BlackTeam "SV Mattnetz Berlin e.V."]

1. d4 Nf6 2. Nf3 e6 3. Bf4 b6 4. e3 Bb7 5. Bd3 c5 6. c3 Nc6 7. h3 Rc8 8. O-O
Ne7 9. Na3 Ng6 10. Bh2 d5 11. Bb5+ Bc6 12. Ba6 Ra8 13. Nb5 Bxb5 14. Bxb5+ Nd7
15. Bc6 Rc8 16. Bb7 Rc7 17. Bxc7 Qxc7 18. Ba6 Bd6 19. Bb5 Ke7 20. Bxd7 Kxd7 21.
Re1 f5 22. a4 Ne7 23. Qe2 h6 24. Rac1 c4 25. Qd1 Nc6 26. Ne5+ Bxe5 27. dxe5
Nxe5 28. Re2 Rg8 29. b3 g5 30. Rd2 cxb3 31. Qxb3 g4 32. Rxd5+ Ke7 33. Qb4+ Kf7
34. Qd6 Qxd6 35. Rxd6 gxh3 36. g3 Nf3+ 37. Kf1 Rg5 38. Ke2 Ne5 39. f4 Nc4 40.
Rd7+ Ke8 41. Rcd1 Rg4 42. Rc7 Nb2 43. Rh1 Rxg3 44. Kf2 Rg2+ 45. Kf3 Nd3 46. Rh7
Nf2 47. Rxh3 1-0

[Event "Lichtenberger Sommer 2024"]
[Site "Berlin"]
[Date "2024.08.15"]
[Round "6.71"]
[White "Baranowsky, Peter"]
[Black "Cox, Johannes"]
[Result "0-1"]
[WhiteElo "1933"]
[BlackElo "1400"]
[PlyCount "131"]
[EventDate "2024.08.10"]
[WhiteTeam "SF Berlin 1903 e.V."]
[BlackTeam "vereinslos"]

1. c4 c5 2. g3 g6 3. Bg2 Nc6 4. Nc3 Bg7 5. d3 d6 6. Rb1 e6 7. a3 Nge7 8. Bd2 b6
9. b4 Bb7 10. b5 Na5 11. e4 O-O 12. Nge2 d5 13. exd5 exd5 14. cxd5 Nxd5 15. O-O
Nxc3 16. Bxc3 Bxc3 17. Nxc3 Bxg2 18. Kxg2 Qd4 19. Ne2 Qd5+ 20. Kg1 Rad8 21. Nf4
Qd7 22. Qf3 Rfe8 23. Rfd1 Qf5 24. h4 Rd4 25. Kg2 Red8 26. Re1 Qd7 27. Re4 Rxe4
28. dxe4 Kg7 29. Nd5 Qe6 30. Rd1 Qe5 31. Qf4 Qxf4 32. gxf4 Nb3 33. Rd3 Nd4 34.
f3 Nxb5 35. a4 Nd4 36. Kf2 h5 37. Rc3 Rc8 38. Ne7 Rc7 39. Nd5 Rd7 40. a5 Rb7
41. Ke3 Nc6 42. a6 Rd7 43. Rc4 Nb8 44. Ra4 Rd6 45. Nc7 Rd7 46. Nd5 Nc6 47. Rc4
Na5 48. Ra4 c4 49. Kd2 Rd8 50. Kc3 Rc8 51. Rb4 Rc5 52. Ra4 f6 53. Ra2 Kf7 54.
Ra4 Ke6 55. Ra2 Kf7 56. Rg2 Rb5 57. Nb4 Rc5 58. Nd5 Nc6 59. Rb2 Ra5 60. Nc7 Nb8
61. Kxc4 Rc5+ 62. Kd4 Rxc7 63. e5 Rd7+ 64. Ke4 fxe5 65. fxe5 Nxa6 66. Rb4 0-1

[Event "Lichtenberger Sommer 2024"]
[Site "Berlin"]
[Date "2024.08.15"]
[Round "6.72"]
[White "Grassi, Fabrizio"]
[Black "Grassnickel, Lutz"]
[Result "0-1"]
[WhiteElo "1907"]
[BlackElo "1757"]
[PlyCount "96"]
[EventDate "2024.08.10"]
[WhiteTeam "SV Berlin-Friedrichstadt"]
[BlackTeam "Schach Nienberge 2003 e. V."]

1. d4 Nf6 2. Bf4 d5 3. e3 c5 4. c3 Nc6 5. Nd2 Bf5 6. Qb3 Qc8 7. Ngf3 e6 8. Ne5
Nxe5 9. Bxe5 Nd7 10. Nf3 c4 11. Qd1 Nxe5 12. Nxe5 b5 13. Be2 f6 14. g4 Bg6 15.
Nxg6 hxg6 16. h4 Qc7 17. Bf3 O-O-O 18. Qc2 f5 19. g5 Bd6 20. O-O-O Bh2 21. Bxd5
exd5 22. f4 Bxf4 23. exf4 Qxf4+ 24. Kb1 Rxh4 25. Qg2 Rxh1 26. Rxh1 Qe4+ 27.
Qxe4 dxe4 28. Kc1 Kc7 29. Rh7 Rd7 30. Kd2 f4 31. Ke2 Kd6 32. Rh8 Ke6 33. Rb8 a6
34. Rb6+ Rd6 35. Rb7 Kf5 36. Rxg7 Kxg5 37. Re7 Kf6 38. Rxe4 Re6 39. Kf3 Rxe4
40. Kxe4 g5 41. Kf3 Kf5 42. Kf2 Ke4 43. Kf1 g4 44. Kf2 a5 45. a3 a4 46. Ke2 g3
47. Ke1 f3 48. Kf1 Ke3 0-1

[Event "Lichtenberger Sommer 2024"]
[Site "Berlin"]
[Date "2024.08.15"]
[Round "6.73"]
[White "Bandsom, Olaf"]
[Black "Krawatzki, Armin"]
[Result "1/2-1/2"]
[WhiteElo "1876"]
[BlackElo "1754"]
[PlyCount "70"]
[EventDate "2024.08.10"]
[WhiteTeam "SC Friesen Lichtenberg e.V."]
[BlackTeam "SVG Läufer Reinickendorf e.V."]

1. e4 c6 2. d4 d5 3. exd5 cxd5 4. c4 Nf6 5. Nc3 g6 6. Bg5 Be6 7. Bxf6 exf6 8.
cxd5 Bxd5 9. Nf3 Bb4 10. Be2 O-O 11. O-O Nc6 12. a3 Ba5 13. Nxd5 Qxd5 14. Rc1
Rac8 15. Bc4 Qd6 16. Qb3 Bb6 17. Rfd1 Rcd8 18. d5 Ne7 19. Rc2 h5 20. Rcd2 Nf5
21. Qc2 Rc8 22. Qd3 Rc7 23. Re2 Re7 24. Rxe7 Nxe7 25. Bb3 Rd8 26. h3 Nf5 27.
Rc1 Ne7 28. Rd1 Nf5 29. Qc3 Ne7 30. Rd2 Rc8 31. Qd3 Rc1+ 32. Rd1 Rxd1+ 33. Qxd1
Qc5 34. Qd2 Nf5 35. Qc2 Nd6 1/2-1/2